[Event "Titled Tuesday intern op 26th Jul Early"]
[Site "Chess.com INT"]
[Date "2022.07.26"]
[Round "2"]
[White "Culum, Sanjin"]
[Black "Perera Alfonso, Rene Humberto"]
[Result "0-1"]
[WhiteElo "2287"]
[BlackElo "2320"]
[PlyCount "56"]
[EventDate "2022.07.26"]
[EventType "swiss (blitz)"]
[EventRounds "11"]
[EventCountry "USA"]
[SourceTitle "EXT 2023"]
[Source "ChessBase"]
[SourceDate "2022.10.05"]
[SourceVersion "1"]
[SourceVersionDate "2022.10.05"]
[SourceQuality "1"]

1. Nf3 d5 2. b3 Nf6 3. Bb2 Bg4 4. e3 Nbd7 5. d4 e6 6. h3 Bh5 7. Bd3 Bd6 8. Nbd2 0-0 9. c4 c6 10. Qc2 Qe7 11. Ne5 a5 12. a3 Bg6 13. Nxg6 fxg6 14. e4 e5 15. cxd5 cxd5 16. exd5 Rac8 17. Qb1 exd4+ 18. Kf1 Nxd5 19. Bc4 N7b6 20. Bxd4 Bc5 21. Qd3 Kh8 22. Nf3 Nxc4 23. bxc4 Nf4 24. Qd2 Rcd8 25. Qb2 Bxd4 26. Nxd4 Nd3 27. Qc3 Rxf2+ 28. Kg1 Qe3 0-1

[Event "Titled Tuesday intern op 21st Jun Early"]
[Site "Chess.com INT"]
[Date "2022.06.21"]
[Round "1"]
[White "Kamsky, Gata"]
[Black "Perera Alfonso, Rene Humberto"]
[Result "1-0"]
[WhiteElo "2655"]
[BlackElo "2320"]
[PlyCount "115"]
[EventDate "2022.06.21"]
[EventType "swiss (blitz)"]
[EventRounds "11"]
[EventCountry "USA"]
[SourceTitle "EXT 2023"]
[Source "ChessBase"]
[SourceDate "2022.10.05"]
[SourceVersion "1"]
[SourceVersionDate "2022.10.05"]
[SourceQuality "1"]

1. d4 d5 2. Bf4 Nf6 3. e3 c5 4. c3 Nc6 5. Nd2 e6 6. Ngf3 Bd6 7. Bg3 Qe7 8. Ne5 Bxe5 9. dxe5 Nd7 10. f4 0-0 11. Bd3 f6 12. exf6 Nxf6 13. Nf3 e5 14. fxe5 Ng4 15. Qd2 Ngxe5 16. Nxe5 Nxe5 17. Be2 Rd8 18. 0-0 Ng4 19. Rf3 Be6 20. h3 Nh6 21. Raf1 Rf8 22. Bd3 Rxf3 23. Rxf3 Rf8 24. Qf2 Rxf3 25. Qxf3 Qf7 26. Qxf7+ Nxf7 27. Bb8 a6 28. a3 Kf8 29. b4 cxb4 30. cxb4 Ke7 31. Bxh7 Ng5 32. Bd3 Ne4 33. Be5 g6 34. a4 Bf7 35. h4 Ke6 36. Bd4 Be8 37. a5 Nd6 38. g4 Nb5 39. Kf2 Na3 40. Kg3 Nc4 41. Kf4 Nd6 42. Kg5 Ne4+ 43. Kh6 Bf7 44. Kg7 Be8 45. Be2 Bf7 46. g5 Nf2 47. e4 Nxe4 48. Bg4+ Ke7 49. Bc8 Nd6 50. Bc5 Be8 51. Bxb7 Ke6 52. Bxd6 Kxd6 53. Bxa6 d4 54. Bd3 Ke5 55. b5 Kf4 56. a6 Ke3 57. a7 Kxd3 58. a8Q 1-0

[Event "Titled Tuesday intern op 14th Jun Late"]
[Site "Chess.com INT"]
[Date "2022.06.14"]
[Round "5"]
[White "Adury, Anant"]
[Black "Perera Alfonso, Rene Humberto"]
[Result "0-1"]
[WhiteElo "2079"]
[BlackElo "2320"]
[PlyCount "150"]
[EventDate "2022.06.14"]
[EventType "swiss (blitz)"]
[EventRounds "11"]
[EventCountry "USA"]
[SourceTitle "EXT 2023"]
[Source "ChessBase"]
[SourceDate "2022.10.05"]
[SourceVersion "1"]
[SourceVersionDate "2022.10.05"]
[SourceQuality "1"]

1. d4 d5 2. Nf3 Nf6 3. c4 c6 4. Nc3 dxc4 5. e3 b5 6. a4 b4 7. Na2 a5 8. Bxc4 e6 9. 0-0 Be7 10. b3 0-0 11. Bb2 Ba6 12. Qc2 Qb6 13. Bxa6 Nxa6 14. e4 Rac8 15. Rad1 Rfd8 16. Qc4 c5 17. d5 exd5 18. exd5 Nc7 19. Bxf6 Bxf6 20. Nc1 Ne8 21. Ne2 Nd6 22. Qd3 c4 23. bxc4 Rxc4 24. Ng3 Rc3 25. Qb1 g6 26. Ne4 Nxe4 27. Qxe4 b3 28. Ne5 b2 29. Nd7 Qd6 30. Nxf6+ Qxf6 31. Rb1 Rc5 32. Qe2 Rcxd5 33. Qxb2 Qf4 34. Ra1 Rd2 35. Qb5 Qd4 36. Rae1 Kg7 37. Qe5+ Kg8 38. Qxd4 R8xd4 39. Ra1 Rb2 40. Rfe1 Rdd2 41. Rf1 Rb4 42. g3 Rdd4 43. Rfe1 Rxa4 44. Rxa4 Rxa4 45. Re8+ Kg7 46. Ra8 Kf6 47. Kg2 Ra2 48. Kf3 a4 49. Ke3 a3 50. h4 h5 51. Kf3 Kf5 52. Ra5+ Kf6 53. Ke3 Ke6 54. f3 Ra1 55. Kf4 a2 56. Ra6+ Ke7 57. Ra7+ Ke6 58. Ra6+ Kd5 59. Kg5 Ke5 60. Ra5+ Ke6 61. Kf4 f6 62. Ra6+ Kf7 63. Ra7+ Kf8 64. Ra8+ Kg7 65. Ra7+ Kh6 66. Ra8 g5+ 67. hxg5+ fxg5+ 68. Kf5 h4 69. Ra6+ Kg7 70. Ra7+ Kf8 71. gxh4 gxh4 72. Ra8+ Ke7 73. Kf4 h3 74. Ra7+ Kd6 75. Ra6+ Kc5 0-1